| 000 | 00405nam a22001577a 4500 | ||
|---|---|---|---|
| 999 |
_c535035 _d535035 |
||
| 003 | NUST | ||
| 005 | 20200827122023.0 | ||
| 020 | _a9781119454014 | ||
| 038 | _aMSOHAIL | ||
| 082 |
_a530 _bHAL |
||
| 100 |
_aDavid Halliday, Robert Resnick _929524 |
||
| 245 | _aHalliday & Resnick's Fundamentals of Physics - 11th edition | ||
| 260 |
_aJohn Wiley & Sons _cc2020 |
||
| 300 | _a1250,pxv | ||
| 942 |
_2ddc _cBK |
||